[Event "WchT 11th"]
[Site "Khanty-Mansiysk"]
[Date "2017.06.24"]
[Round "7.2"]
[White "Onischuk, Alexander"]
[Black "Yilmaz, Mustafa"]
[Result "1-0"]
[WhiteElo "2685"]
[BlackElo "2630"]
[Annotator "Krasenkow,Michal"]
[PlyCount "83"]
[EventDate "2017.06.17"]
[EventType "team-tourn"]
[EventRounds "9"]
[EventCountry "RUS"]
[SourceTitle "CBM 179"]
[Source "ChessBase"]
[SourceDate "2017.07.12"]
[SourceVersion "1"]
[SourceVersionDate "2017.07.12"]
[SourceQuality "1"]
[WhiteTeam "US of America"]
[BlackTeam "Turkey"]
[WhiteTeamCountry "USA"]
[BlackTeamCountry "TUR"]

1. d4 Nf6 2. c4 e6 3. Nc3 d5 4. cxd5 exd5 5. Bg5 c6 6. e3 Be7 7. Bd3 Nbd7 8. Nf3 Ne4 9. Bf4 Ndf6 10. Qc2 O-O 11. Ne5 ({It is well known that White should not accept this pawn sacrifice:} 11. Bxe4 dxe4 12. Nxe4 Nxe4 13. Qxe4 g5 14. Bg3 f5 15. Qe5 {(otherwise Black wins a piece without White having sufficient compensation)} f4 $1 16. exf4 g4 17. Nd2 (17. Ng1 Bb4+ 18. Kf1 Bf5 $40) 17... Bf6 18. Qh5 Qe7+ 19. Kf1 Bxd4 $40) (11. O-O {is, however, more common. Still, Black reaches equality without major problems:} Bf5 (11... Nd6 12. h3 g6 13. Rac1 Nh5 14. Be5 Ng7 15. Qb3 Qb6 16. Nd2 Bf5 17. Be2 Rae8 18. Rfd1 Nc8 19. Na4 Qxb3 20. Nxb3 f6 21. Bh2 Bd6 22. Nbc5 Bxh2+ 23. Kxh2 Nd6 24. Nc3 Bc8 $11 {1-0 (58) Berkes,F (2665)-Duda,J (2587) Budapest 2014}) (11... Bd6 $5 12. Bxd6 (12. Bxe4 Nxe4 13. Nxe4 Bxf4 $1 14. exf4 dxe4 15. Qxe4 Re8 16. Qd3 Qf6 $132 {L.Ftacnik}) 12... Nxd6 13. Ne5 g6 $11 {[%cal Yc8f5] 0-1 (41) Steiner,H-Denker,A New York 1946 MCL [Ftacnik,L]}) 12. Ne5 (12. Ng5 Nxg5 13. Bxf5 Ne6 14. Be5 (14. Bg3 g6 15. Bd3 Rc8 16. Rfd1 Nh5 $11 {0-1 (66) Sarana,A (2372)-Artemiev,V (2636) Loo 2014}) 14... g6 15. Bxe6 fxe6 16. e4 Ng4 17. Bg3 Bh4 18. Qd3 Bxg3 19. Qxg3 Nf6 20. Qe5 Qd7 21. Rae1 Rae8 $11 {1/2 (42) Stefansson,H (2539)-Laznicka,V (2677) Warsaw 2013}) 12... g6 13. f3 (13. Na4 Re8 {1/2 (13) Harikrishna,P (2646)-Dreev,A (2660) Sestao 2010}) (13. Nxe4 Bxe4 14. Rad1 Kg7 15. h3 Bd6 16. Qb3 Bxd3 17. Rxd3 Qc7 18. Rc1 Rfc8 19. Rdc3 Ne8 {1/2 (19) Rajkovic,D (2374)-Blagojevic,D (2459) Belgrade 2016}) 13... Nd6 14. Rad1 Bxd3 15. Rxd3 Qa5 $5 (15... Nh5 $6 16. Bh6 Re8 17. e4 Bg5 $6 18. Bxg5 Qxg5 19. f4 $16 {1-0 (59) Navara,D (2742)-Hammer,J (2651) Novy Bor 2016}) 16. Rdd1 Rac8 17. Kh1 Nb5 18. Na4 Nh5 19. Bh6 Rfe8 20. f4 Nf6 21. f5 Ne4 $132 {0-1 (42) Salgado Lopez,I (2638)-Navara,D (2691) Istanbul 2012}) ({RR} 11. O-O Bd6 12. Ne5 Re8 13. h3 Nxc3 14. bxc3 c5 15. Qe2 Qc7 16. Rfc1 c4 17. Bc2 Be6 18. Qf3 Rad8 19. a4 Bc8 20. Rcb1 Ne4 21. Bxe4 dxe4 22. Qg3 Re6 23. Rb5 a6 24. Rd5 b6 25. Ng4 Bb7 {Yilmaz,M (2582)-Bakhmatsky,V (2442) Katowice POL 2026 1-0 (33)}) ({RR} 11. O-O Bf5 12. Ng5 Nxg5 13. Bxf5 Ne6 14. Be5 g6 15. Bxe6 fxe6 16. h3 Rc8 17. Rad1 Bd6 18. a3 a6 19. Qe2 Qe7 20. Rd2 c5 21. Bxd6 Qxd6 22. dxc5 Rxc5 23. Rfd1 Qc6 24. Rd3 Rc4 25. Rd4 b5 {Deepan Chakkravarthy,J (2499)-Yilmaz,M (2626) Dubai 2018 ½-½ (31)}) 11... Nxc3 (11... Re8 $5 12. O-O Bd6 13. f3 Nxc3 14. bxc3 h6 15. Rae1 c5 16. Bg3 Qc7 17. e4 cxd4 18. cxd4 Qxc2 19. Bxc2 Be6 $11 {1/2 (46) Bacrot,E (2725)-Mamedyarov,S (2753) Geneve 2013}) (11... Be6 12. f3 Nxc3 13. bxc3 c5 14. Rb1 Qc8 15. g4 c4 16. Be2 $6 (16. Bf5 $11) 16... Ne8 17. g5 Nd6 $17 {[%csl Re5][%cal Yf7f6] 0-1 (39) Indjic,A (2536)-Blagojevic,D (2524) Cetinje 2013}) ({RR} 11... Re8 12. O-O Bd6 13. f3 Nxc3 14. bxc3 h6 15. Rae1 c5 16. Bg3 Qc7 17. e4 cxd4 18. cxd4 Qxc2 19. Bxc2 Be6 20. Ba4 Rec8 21. Bb3 a5 22. Ng4 Bxg3 23. Nxf6+ gxf6 24. hxg3 dxe4 25. d5 a4 26. dxe6 {Bacrot,E (2725)-Mamedyarov,S (2753) Geneve 2013 ½-½ (46)}) 12. bxc3 c5 13. O-O $146 (13. dxc5 Bxc5 14. O-O h6 15. Nf3 Qe7 16. c4 Be6 17. cxd5 Bxd5 18. Bc4 Rac8 19. Bxd5 Nxd5 $11 {0-1 (31) Vitiugov,N (2725)-Navara,D (2734) Berlin 2015}) ({RR} 13. dxc5 Bxc5 14. h3 Re8 15. Bh2 Bd6 16. f4 g6 17. O-O Ne4 18. Bxe4 dxe4 19. Qxe4 Qa5 20. Qc2 Bxe5 21. fxe5 Be6 22. Bf4 Rac8 23. Rfc1 Rc7 24. Qf2 Rxc3 25. Rxc3 Qxc3 26. Rd1 f6 27. Qg3 fxe5 {Levy,L-Suesman,W Ventnor 1942 ½-½ (63)}) ({RR} 13. dxc5 Bxc5 14. O-O h6 15. Nf3 Qe7 16. c4 Be6 17. cxd5 Bxd5 18. Bc4 Rac8 19. Bxd5 Nxd5 20. Qf5 Nxf4 21. Qxf4 Rfd8 22. Rfd1 Qe6 23. Qa4 a6 24. h3 b5 25. Rxd8+ Rxd8 26. Qc2 Ba3 27. Nd4 Qc4 {Vitiugov,N (2725)-Navara,D (2734) Berlin 2015 0-1 (31)}) 13... c4 14. Be2 Ne4 15. f3 Nd6 16. e4 Be6 (16... f6 {was possible, too:} 17. Ng4 Bxg4 18. fxg4 (18. Bxd6 Bxd6 19. fxg4 Qc7 20. h3 dxe4 21. Qxe4 Rae8 22. Qd5+ Kh8 23. Bxc4 Re3 $44) 18... Nxe4 (18... dxe4 $143 19. Bxd6 Bxd6 20. Bxc4+ Kh8 21. g3) 19. Rae1 (19. Bxc4 Rc8 20. Qxe4 Rxc4 21. Qe6+ Rf7 22. Rf3 Bf8 $15 {[%cal Yd8d7]}) 19... b5 20. Bf3 Bd6 $11) 17. Rae1 Rc8 $11 {Black has a strong hold on the centre, and it is difficult for White to use his pawn advantage there.} 18. h3 Bh4 19. Rb1 Re8 $6 (19... b6 $5 20. Ng4 $140 f5 21. exd5 $4 fxg4) 20. Ng4 dxe4 $6 (20... f5 {was still possible but White kept a small plus after} 21. exd5 $1 Bf7 (21... Bxd5 22. Ne3 Bf7 23. Bxd6 Rxe3 24. Bf4 Re7 25. Be5 $14) 22. Ne5 Bxd5 23. Bd1 $14 {[%csl Ge5][%cal Yc2b2,Yd1c2]}) 21. Bxd6 $6 ({Both players missed} 21. fxe4 Nxe4 22. Nh6+ $1 gxh6 23. Qxe4 $14) 21... exf3 22. Bxf3 Qxd6 23. Rxb7 Bd8 24. Ne5 Bb6 25. Kh1 Rc7 26. Rxc7 Bxc7 {[%cal Rf7f6,Gc7h2] The initiative belongs to Black but it is far from deadly.} 27. Be4 $6 ({It was more appropriate for White to try to trade light-squared bishops and therefore secure the f3 square for his knight:} 27. Qa4 Rb8 28. Bg4 Bd5 (28... f6 29. Bxe6+ Qxe6 30. Qxc4) 29. Bf3 $1 $11) (27. Bg4 $143 f6 28. Bxe6+ Qxe6 29. Nf3 Qe2) 27... g6 28. Qa4 Re7 (28... Rb8 $1 $17 {[%cal Gb8b2]}) 29. Qc6 Qd8 30. Qc5 Re8 {It was probably time to renounce attempts at using the b8-h2 diagonal and try to liquidate to a slightly better endgame:} (30... Bxe5 {, and White, to avoid that, should give up a pawn:} 31. Qxe5 (31. dxe5 Qc7 32. Qxc7 Rxc7 {[%csl Ra2,Rc3,Re5]}) 31... Bxh3 32. Qf6 $1 {with good drawing chances.}) 31. Bc6 Rf8 32. Qxa7 Qd6 (32... Bxe5 33. dxe5 Qd2 34. Qd4 Qxd4 35. cxd4 Rd8 36. Rd1 c3 37. d5 Bxd5 38. Bxd5 c2 39. Rc1 Rxd5 40. Rxc2 Rxe5 $11) 33. Bb7 (33. Qa4 $142 f6 34. Nf3) 33... f6 (33... Kg7 $5) 34. Nf3 Rb8 35. a4 Qd7 (35... g5 $5 {[%cal Rg5g4]} 36. Qa6 Qxa6 37. Bxa6 $13) (35... Bf7 $5 {[%cal Yg6g5,Yf7h5]}) 36. Qa6 Bf4 $2 $138 {Both players were under time pressure, and Black had to play for a win to level the match as the US was leading 1.5-0.5 at this point. Alas, it was difficult to find a good way.} (36... Bxh3 37. gxh3 Qxh3+ 38. Kg1 $11) (36... Kg7 37. Qc6 $11) 37. Bc6 $2 $138 (37. Re1 Rxb7 (37... Bf7 38. Qxf6) 38. Rxe6 $16) 37... Qc7 $2 (37... Qd6 $142 {but after} 38. d5 Bxd5 39. Bxd5+ Qxd5 40. Qxf6 {Black must fight hard for a draw.}) 38. d5 $18 {White wins the c4-pawn and the game.} Bf5 39. Qxc4 Qd6 40. Nd4 Be4 41. Nb5 Rxb5 42. Qxe4 1-0

[Event "USA-CHN Summit 2nd"]
[Site "Shanghai"]
[Date "2002.07.12"]
[Round "2"]
[White "Seirawan, Yasser"]
[Black "Xu, Jun"]
[Result "1/2-1/2"]
[WhiteElo "2618"]
[BlackElo "2654"]
[Annotator "Milov,Vadim"]
[PlyCount "77"]
[EventDate "2002.07.11"]
[EventType "team"]
[EventRounds "4"]
[EventCountry "CHN"]
[SourceTitle "CBM 091"]
[Source "ChessBase"]
[SourceDate "2002.11.12"]
[SourceVersion "1"]
[SourceVersionDate "2002.11.12"]
[SourceQuality "1"]

1. d4 Nf6 2. c4 e6 3. Nf3 d5 4. cxd5 exd5 5. Nc3 c6 6. Bg5 Bf5 (6... Be7 7. Qc2 g6 8. e4 O-O (8... Nxe4 9. Bxe7 Kxe7 10. Nxe4 dxe4 11. Qxe4+ Be6 12. Bc4 Qa5+ 13. Kf1 Qf5 14. Qe3 Nd7 15. Re1 Rae8 16. d5 cxd5 17. Bb5) (8... dxe4 9. Bxf6 Bxf6 10. Qxe4+ Kf8) 9. e5 Ne4 10. Bh6 Re8 11. Bd3 (11. h3 Nxc3 12. bxc3 c5 13. Bb5 Nc6 14. O-O Bf5 15. Qd2 Qa5 16. Bxc6 bxc6 17. dxc5 Qxc5 18. Nd4 Bd7) 11... Nxc3 12. bxc3 c5 13. h4 cxd4 14. h5 g5 15. Bxh7+ $16 {1-0 Kamsky,G-Shirov,A Dortmund, 1992}) (6... h6 7. Bh4 Bf5 8. Qb3 (8. e3 Be7 (8... Qb6 9. Qb3 Ne4 10. Nd2 Nxd2 11. Kxd2 Nd7 12. Be2 Bd6 13. g4 Bh7 14. Bg3 Qc7 15. Qb4 Bxg3 16. hxg3 a5 $132 {0-1 Toth,P-Kharlov,A/Sao Paulo CLA ITAU 1991 (39)}) 9. Bd3 Bxd3 10. Qxd3 Nbd7 11. O-O O-O 12. Rab1 $14 {½-½ Lobron,E-Prie,E/Clichy Eurocup tt 1995 (55)}) 8... g5 9. Bg3 Qb6 10. e3 Ne4 (10... Nbd7 11. h4 (11. Be2 Ne4 12. Nd2 Qxb3 13. axb3 Bb4 14. Ndxe4 Bxe4 15. f3 Bc2 16. Bd1 Bxd1 17. Kxd1 f5 $11 {½-½ Stankovic,D-Karaklajic,N/JUG-Cup Svetozarevo 1990}) 11... g4 12. Ne5 Nh5 13. Bh2 g3 14. Nxd7 Kxd7 15. Be2 gxf2+ 16. Kxf2 Nf6 17. Be5 Be7 $11 {½-½ Stoeber,M-Wilson,J/Hastings Challengers 1995 (30)}) 11. Nxe4 Bxe4 12. Nd2 Bf5 13. O-O-O Nd7 14. h4 Rc8 15. Bd3 Bxd3 16. Qxd3 c5 17. hxg5 Bg7 18. gxh6 Rxh6 19. Rxh6 Qxh6 20. Kb1 $14 {½-½ Seiravan,J-Zvjagincev,V FIDE-Wch k.o. 1997 (26)}) 7. Qb3 Nbd7 $5 {an interesting pawn sacrifice} (7... Qb6 8. Bxf6 Qxb3 9. axb3 gxf6 10. e3 Nd7 11. Kd2 Nb6 12. Bd3 Bg6 13. Nh4 Nc8 14. Nf5 Bxf5 15. Bxf5 Nd6 16. Bd3 $14 {½-½ Brunner,L-Zvjaginsev,V Biel, 1995 (34)}) 8. Qxb7 Rb8 9. Qxc6 Rxb2 10. g4 ({RR} 10. e4 Rb6 11. Qa4 Bb4 12. Bd2 dxe4 13. Nxe4 Bxd2+ 14. Nexd2 O-O 15. Bc4 Qe7+ 16. Kf1 Rfb8 17. h3 Ne4 18. Kg1 Nxd2 19. Nxd2 Qd6 20. Re1 h6 21. g3 Nf6 22. Kg2 Rb4 23. Qxa7 Qc6+ 24. Kh2 Bg6 {Fadi,M (2289)-Kaidanov,G (2492) chess.com INT 2026 0-1 (37)}) 10... Bc2 $6 {now White is getting an advantage} ({much more dangerous fo White is} 10... Rb6 $5 11. Qa4 (11. Bxf6 gxf6 12. Qxd5 Qc8 13. Ne4 Be6 14. Qh5 Rc6 15. Bh3 Rc1+ 16. Kd2 Bb4+ 17. Ke3 Rc3+ 18. Nxc3 Qxc3+ 19. Ke4 f5+ 20. Kf4 Bd6+ 21. Kg5 h6+ 22. Kh4 Be7+ 23. Kg3 Nf6 {0-1 Erikalov,A-Kaidanov,G/Smolensk 1986/EXT 99 (23)}) 11... Bb4 12. Bd2 Qc8 13. Nxd5 Nxd5 14. gxf5 Bxd2+ 15. Nxd2 Nb4 16. Kd1 O-O 17. Bg2 Qc3 18. Rc1 Qxd4 19. a3 Nc5 20. Rxc5 Rd8 $19 {0-1 Raicevic,V-Arkhipov,S Moscow, 1986 (23)}) ({RR} 10... Rb6 11. Bxf6 gxf6 12. Qa4 Bb4 13. Rc1 Be4 14. a3 Bxc3+ 15. Rxc3 Rb1+ 16. Kd2 O-O 17. Bg2 Rb2+ 18. Ke1 Nb6 19. Qc6 Nc4 20. Rxc4 Rb6 21. Qc5 dxc4 22. Kd2 Rb2+ 23. Ke3 Re8 24. g5 Rb5 25. Qxa7 {Karpov,A (2619)-Kasparov,G (2812) Valencia 2009 0-1}) 11. Bxf6 Qxf6 $146 {this move is new but it doesn`t change the evaluation of the position} (11... gxf6 12. Bg2 Rb6 13. Qxd5 Qc7 14. Ne4 Bb4+ 15. Nfd2 h5 16. a3 Bb3 17. Qf5 Be6 18. Qf3 hxg4 19. Qg3 Bxd2+ 20. Nxd2 Qc2 21. d5 $16 {1-0 Farago,I-Bielczyk,J Rubinstein mem, 1978 (39)}) ({RR} 11... gxf6 12. Bg2 Rb6 13. Qxd5 Qc7 14. Ne4 Bb4+ 15. Nfd2 h5 16. a3 Bb3 17. Qf5 Be6 18. Qf3 hxg4 19. Qg3 Bxd2+ 20. Nxd2 Qc2 21. d5 Bf5 22. Qe3+ Kf8 23. O-O Qc7 24. Qg3 Ne5 25. Rfc1 Qe7 26. Qf4 {Farago,I (2510)-Bielczyk,J (2380) Polanica Zdroj 1978 1-0 (39)}) 12. Qc8+ Qd8 13. Qxd8+ Kxd8 14. a3 $16 {Inspite of white`s material advantage, he has to be very accurate as the black pieces are very active.} Rb3 15. Nxd5 (15. Ng5 Bg6 16. Nxd5 h6 17. Nf3 Be4) 15... Be4 16. Ne3 h5 $1 {Black isn`t in a hurry to take the pawn a3 because it`s more important to bring the maximal number of pieces into play and the rook h8 in particular.} 17. Bg2 (17. Ng5 Bg6 18. Bg2 Rxa3 19. Rxa3 Bxa3 $14) 17... hxg4 18. Nxg4 Rb2 $6 (18... Bxa3 19. O-O $16) (18... Rxa3 $5 19. Rxa3 Bxa3 20. O-O $16) 19. Ne3 {White could also try to make use of the rook h1} (19. Rg1 $5 Bxa3 20. Nfe5 Nxe5 21. Nxe5 Bb4+ 22. Kf1 Bg6 23. Be4 Rxh2 24. Bxg6 fxg6 25. Nf3 Rh5 26. Rxa7 $18) 19... Rh5 20. Nd2 Bxg2 21. Nxg2 Nb6 22. Ne3 Be7 23. Ndc4 Nxc4 24. Nxc4 Rc2 25. Ne5 (25. Ne3 Rb2 26. Rg1 g6 27. Nc4 Rc2 28. Ne5 $16) 25... f6 26. Kd1 (26. Nd3 Bd6 27. a4 Rxh2 28. Rxh2 Bxh2 $16) 26... Rc7 27. Nd3 Ra5 28. Kd2 (28. a4 Rc4 29. e3 Raxa4 30. Rxa4 Rxa4 31. Kc2 $16) 28... Rc4 29. Ke3 Bd6 30. h4 Ke7 31. h5 (31. Rhg1 $5 Kf7 32. Rg4 $16) 31... Raa4 32. Rhb1 $6 {this looks like giving away the win} (32. Rab1 $1 Rxd4 33. Rb7+ Kf8 34. h6 gxh6 35. Rxh6 Re4+ 36. Kd2 Re7 37. Rxf6+ Ke8 38. Rxd6 Rxb7 39. Nc5 Rb2+ 40. Kc3 $18) 32... Rxd4 33. Rb7+ Kf8 34. Kf3 $6 (34. Rc1 Re4+ 35. Kf3 Re7 36. Rc8+ Kf7 $11) 34... Rh4 35. Rc1 $11 (35. e3 Rxh5 36. Rc1 Kg8 37. Rd7 Bxa3 $11) 35... Rh3+ 36. Kg2 Rh2+ 37. Kf3 Rh3+ 38. Kg2 Rh2+ 39. Kf3 1/2-1/2